| 000 | 00635nam a2200241Ia 4500 | ||
|---|---|---|---|
| 003 | OSt | ||
| 005 | 20221002055035.0 | ||
| 006 | a|||||r|||| 00| 0 | ||
| 007 | ta | ||
| 008 | 220930b |||||||| |||| 00| 0 eng d | ||
| 024 | _a71625 | ||
| 037 | _cReference Collections | ||
| 040 |
_aCRL _cCRL _beng |
||
| 041 |
_2eng _aeng |
||
| 082 | _aV3:221wM74, M3(RR) | ||
| 100 | _aMorgan Ted | ||
| 245 | 0 | _aChurchill 1874-1915. London Fonathan Cape, 1983. | |
| 260 | _c1983 | ||
| 300 |
_a571p. _ccm. |
||
| 650 | _aHISTORY | ||
| 942 |
_hV3:221wM74, M3(RR) _cref _2CC |
||
| 999 |
_c926553 _d926553 |
||